000 00529nam a22001697a 4500
005 20251108164358.0
008 250721s1998 xx 000 0 ara d
082 1 4 _a811.03/حسي
100 1 _aجمعة، حسين
245 1 0 _aقصيدة الرثاء :
_bجذور و أطوار : دراسة تحليلية في مراثي ... /
264 1 _aدمشق :
_bدار معد للنشر،
_c1998.
300 _a367 ص
650 1 7 _aالشعر العربي
650 1 7 _aشعر الرثاء
942 _2ddc
_cBK
999 _c10697
_d10697